التعايش بين الثقافات على كوكبنا الأرض : (رقم التسجيلة. 15893)

تفاصيل مارك
000 -LEADER
fixed length control field 00805nam a22001937a 4500
005 - DATE AND TIME OF LATEST TRANSACTION
control field 20251108164842.0
008 - FIXED-LENGTH DATA ELEMENTS--GENERAL INFORMATION
fixed length control field 250721s1972 xx 000 0 ara d
082 14 - DEWEY DECIMAL CLASSIFICATION NUMBER
Classification number 371.33/فؤا
100 1# - MAIN ENTRY--PERSONAL NAME
Personal name إسكندر، فؤاد
Relator term مؤلف
245 10 - TITLE STATEMENT
Title التعايش بين الثقافات على كوكبنا الأرض :
Remainder of title مغامرة الكرة الزرقاء من مطبوعات لجنة المدارس الثانوية التابعة للمنظمة الجنوبية للكليات و المدارس /
264 1# - PRODUCTION, PUBLICATION, DISTRIBUTION, MANUFACTURE, AND COPYRIGHT NOTICE
Place of production, publication, distribution, manufacture القاهرة :
Name of producer, publisher, distributor, manufacturer دار المعرفة،
Date of production, publication, distribution, manufacture, or copyright notice 1972.
300 ## - PHYSICAL DESCRIPTION
Extent 143ص
650 17 - SUBJECT ADDED ENTRY--TOPICAL TERM
Topical term or geographic name as entry element التدريس
650 17 - SUBJECT ADDED ENTRY--TOPICAL TERM
Topical term or geographic name as entry element وسائل التدريس
650 17 - SUBJECT ADDED ENTRY--TOPICAL TERM
Topical term or geographic name as entry element أساليب التدريس
700 1# - ADDED ENTRY--PERSONAL NAME
Personal name شعلان، محمد سليمان
Relator term مراجعة
942 ## - ADDED ENTRY ELEMENTS (KOHA)
Source of classification or shelving scheme Dewey Decimal Classification
Koha item type كتب
المقتنيات
حالة السحب حالة الفقدان مصدر التصنيف حالة التلف غير قابل للإعارة المكتبة الرئيسية المكتبة الحالية موقع الرف تاريخ التزويد الرقم المتسلسل Total Checkouts رقم الإستدعاء الباركود تاريخ آخر ظهور تاريخ الفاتورة نوع المادة (كوها)
    Dewey Decimal Classification     المكتبة المركزية المكتبة المركزية الإعارة 06/07/2004 37105   371.33/فؤا 37105 28/07/2025 06/07/2004 كتب
    Dewey Decimal Classification     مكتبة أبو علندا العامة مكتبة أبو علندا العامة الإعارة 06/07/2004 289970   371.33/فؤا 289970 28/07/2025 06/07/2004 كتب
Implemented & Customized by: BBB with SCIT (Smart Chains for Information Technology)

Powered by Koha